000 01182nam a2200301Ia 4500
999 _c4198
_d4198
003 OSt
005 20200506100905.0
008 191128s2016 ck gr 000 0dspa d
020 _a9789588951799
040 _aCO-JMCR
_cCO-JMCR
041 0 _aspa
082 0 4 _a306.3 /
_bL788c
100 1 _aLevitt, Steven D.,
_93967
245 1 0 _aCuando robar un banco /
_cSteven D. Levitt, Stephen J. Dubner ; José Labrador, traducción
250 _aPrimera edición
260 _aBogotá :
_bEdiciones B,
_c2016
300 _a346 páginas ;
_c23 cm.
490 0 _aNo ficción
500 _aIncluye datos biográficos de los autores.
505 _a¿Qué tienen en común los blogs y el agua enbotellada? -- Solo intentámos ayudar -- Limberhand, el masturbador, y los peligros de Wayne -- ¡Viva la gasolina cara! -- Concurso -- Cómo temer lo que no es temible -- Pero ¿es bueno para el planeta?
534 _pWhen to rob a bank
650 1 4 _aEconomía
_93968
650 2 4 _aAspectos sociológicos Economía
_93969
650 2 4 _aAspectos psicológicos
_91594
700 1 _aStephen J. Dubner,
_eautor
_93970
700 1 _aLabrador, José,
_etraductor
_93971
942 _2ddc
_cBK